| 000 | 00680nam a22002172 4500 | ||
|---|---|---|---|
| 001 | 0000000269 | ||
| 005 | 20151021151043.0 | ||
| 008 | 070119s xx 000 0 eng d | ||
| 020 |
_a81812833283325 : _cKES 3,200 |
||
| 040 |
_aKABU _cKABU |
||
| 050 | 0 |
_aQA76.73 _b.J38B37 2005 |
|
| 100 | 1 |
_aBarker, Jacquie. _@0000148364 |
|
| 245 | 1 | 0 |
_aBeginning Java objects : _bfrom concepts to code / _cJacquie Barker. |
| 250 | _a2nd ed. | ||
| 260 |
_aNew Delhi : _bSpringer (India), _c2005. |
||
| 300 | _axil, 916 p. | ||
| 650 | 0 |
_aJava (Computer program language) _@0000148169 |
|
| 908 | _a070119 | ||
| 950 | _@1 | ||
| 999 |
_c129 _d129 |
||